000 005540000a22001810004500
003 MACL
005 20160331151700.0
008 160331b xxu||||| |||| 00| 0 eng d
040 _aMACL
_cMACL
041 _aHindi
082 _a330
100 _aगौड श्‍यामलाल
_949328
245 _aभारतीय बैंकिंग बदलता परिदृश्‍य
260 _bआधार प्रकाशन
_c2006
_aहरियाणा
350 _a300
650 _aAccounting
_949329
942 _cHIN
_k657
_2ddc
999 _c22273
_d22273